000 00516nam a2200193Ia 4500
005 20250423100439.0
008 250422s9999 xx 000 0 und d
020 _a9780702072895
050 _aRJ 50 .G55/
100 _aGill, Denis
245 0 _aPaediatric clinical examination made easy
250 _a6th ed.
260 _aElsevier
260 _bPhiladelphia
260 _c2018
300 _a297 p
650 _a Children--Medical examinations. Children--Physical examination and diagnosis.
942 _cBK
999 _c33332
_d33332